00930nam a2200265Ia 4500001001000000003000500010008004100015010001100056040000900067090001900076100003700095245014200132260003100274300001000305440003100315650006600346901001900412902000600431905006300437910000900500942000900509942001200518999001900530952011500549Para_2354CHAP220125s1966 xx 000 0 und d a200643 cCHAP aPA FOLLETO 208 aSifuentes A., J. Antonio9155625 aLista de nombres comunes y científicos de algunas plagas agrícolas en la región Central de México /c por J. Antonio Sifuentes A aMéxico :b El Instituto a29 p. aCircular CIB no.109165517 aAgricultura x plagas x región central de México9165518 aPA FOLLETO 208 aA a0000001966 0000000000 00 a1966 cPARA cPARAd1 c200643d200643 00102local40708FOLLaPAbPAc12d2005-10-27fPARAl0pPA_2155r2022-01-25 00:00:00t1w2022-01-25yFOLLz3